00612 2200169 4500245006800000020001800068250001100086100003100097650001600128005001900144260003700163041001400200084000800214300002200222500018900244336000900433 aZodiac Shio b : Teen ChoicecGadis Ayu Patramita LaksmihText a979-3468-08-4 aCet. 1 aGadis Ayu Patramita Laksmi aNovel Fiksi a20231005075126 aJakartabKombat Publishersc2006 aIndonesia a813 a49 hlm. :c18 cm. aSi uthe ama si nina itu sama sama berbintang Leo, tapi kalo dirasa-rasa, sifat mereka gak sama persis. Leo-nya Uthe emang galak dan gampang marah, tapi Leonya Nina rasanay gak begitu. atext